Wastewater treatment plant design
Αποθηκεύτηκε σε:
| Συλλογικό Έργο: | , |
|---|---|
| Μορφή: | Βιβλίο |
| Γλώσσα: | English |
| Δημοσίευση: |
Washington :
WPCF,
1977
|
| Σειρά: | Manual of practice ;
; 8 ASCE manuals and reports on engineering practice ; ; 36 |
| Θέματα: | |
| Ετικέτες: |
Προσθήκη ετικέτας
Δεν υπάρχουν, Καταχωρήστε ετικέτα πρώτοι!
|
MARC
| LEADER | 00000cam a2200000 i 4500 | ||
|---|---|---|---|
| 001 | 1/78872 | ||
| 008 | 970311s1977 eng d | ||
| 035 | |l 10004674 | ||
| 040 | |a GR-MY-UA |b gre |e aacr | ||
| 041 | 0 | |a eng | |
| 082 | 0 | |a 628.3 | |
| 110 | 2 | |a Water Pollution Control Federation. | |
| 245 | 1 | 0 | |a Wastewater treatment plant design |
| 260 | |a Washington : |b WPCF, |c 1977 | ||
| 300 | |a 560 p. | ||
| 490 | 1 | |a Manual of practice |v ; 8 | |
| 490 | 1 | |a ASCE manuals and reports on engineering practice |v ; 36 | |
| 650 | 0 | 0 | |a Sewage disposal plants |x Design and construction. |
| 710 | 2 | |a American Society of Civil Engineers. | |
| 830 | 0 | |a Manual of practice ; |v ; 8 | |
| 830 | 0 | |a ASCE manuals and reports on engineering practice ; |v ; 36 | |
| 852 | |a INST |b LESVOS |e 19970311 |h 628.3 WAS |p 005100025349 |q 005100025349 |t BK |y 12 | ||
| 909 | |a Λ |b 006097 | ||